| 000 | 00400nam a2200169Ia 4500 | ||
|---|---|---|---|
| 005 | 20240823062455.0 | ||
| 008 | 240823s9999||||xx |||||||||||||| ||und|| | ||
| 041 | _aENGLISH | ||
| 082 | _A621.3815 | ||
| 100 | _aRajesh Malhotra | ||
| 245 | 0 | _aELECTRONIC CAR PROJECTS | |
| 250 | _aFIRST | ||
| 500 | _aTransfered | ||
| 650 |
_aElectronic projects _bInstrumentation |
||
| 942 | _cBK | ||
| 999 |
_c235960 _d235960 |
||